000 00224nam a2200097Ia 4500
008 190216s9999||||xx |||||||||||||| ||und||
100 _aPadmaja K M
245 0 _aPrayogika Boudikam
260 _bKerala Basha Inst
942 _cBK
999 _c37659
_d37659